England County Quiz - Gloucestershire - Statistics

General Stats
  • This quiz has been taken 326 times
  • The average score is 10 of 15
Answer Stats
Hint Answer % Correct
County town Gloucester
98%
Uk's longest river that bisects the county Severn
93%
Large Regency spa town and home of the 'Gold Cup' horse race Cheltenham
91%
Major film franchise which used the cloisters of the above cathedral as a location for its school scenes Harry Potter
90%
Eccentric, but popular, 'sport' involving rolling and chasing this object down a hill Cheese
89%
Motorway which runs north/south through the county M5
83%
Ancient woodland occupying a large part of the west of the county Forest of Dean
74%
Major Intelligence and security establishment based in the above town GCHQ
68%
Market town in the south-east of the county with the Roman name of 'Corinium' Cirencester
58%
English monarch buried in the cathedral of the above place Edward II
53%
Town in the north of the county, and the site of a major battle in the Wars of the Roses Tewkesbury
50%
Long distance footpath between Chipping Campden to Bath {Cotswold} Way
45%
Best known work of Gloucestershire author, Laurie Lee Cider with Rosie
42%
County residence of King Charles III Highgrove
37%
Invention of Edwin Budding, now an essential implement for gardeners Lawnmower
36%
No matching quizzes found
Score Distribution
Percent of People with Each Score
Percentile by Number Answered
Your Score History
You have not taken this quiz